Statistics for Hottest Cities In The USA

Click here to take the quiz!

General Stats

  • This quiz has been taken 38 times
  • The average score is 28 of 50

Answer Stats

RankStateAugust 2023 Avg Temp
High - Low
City% Correct
3Nevada104° / 66°Las Vegas
97%
2Arizona105° / 81°Phoenix
97%
36Texas91° / 76°Houston
95%
10Texas96° / 77°Dallas
92%
19Texas94° / 70°El Paso
89%
30Louisiana92° / 76°New Orleans
89%
11Texas96° / 74°San Antonio
89%
22Mississippi93° / 73°Jackson
87%
5Arizona100° / 73°Tucson
87%
12Texas96° / 74°Austin
84%
41Louisiana91° / 72°Baton Rouge
82%
28Oklahoma93° / 70°Oklahoma City
82%
25Arkansas93° / 71°Little Rock
79%
39Florida91° / 75°Orlando
79%
34Florida91° / 77°Tampa
76%
26Oklahoma93° / 71°Tulsa
76%
14California96° / 68°Bakersfield
71%
40Florida91° / 75°Jacksonville
71%
44Tennessee91° / 72°Memphis
71%
9California97° / 66°Fresno
68%
32Alabama92° / 71°Montgomery
68%
13Texas96° / 74°Waco
68%
50Alabama90° / 75°Mobile
66%
4Arizona103° / 76°Mesa
63%
29California93° / 61°Sacramento
61%
24South Carolina93° / 71°Columbia
58%
46Texas91° / 67°Lubbock
58%
17Louisiana94° / 74°Shreveport
55%
23Florida93° / 72°Tallahassee
55%
16Texas94° / 76°Brownsville
53%
21California94° / 62°Riverside
53%
33California92° / 56°Stockton
50%
1Arizona109° / 77°Yuma
50%
18Texas94° / 72°Abilene
37%
35Florida91° / 81°Key West
37%
27Arkansas93° / 70°Fort Smith
34%
43Georgia91° / 72°Columbus
29%
49Florida90° / 77°Fort Myers
29%
37Louisiana91° / 76°Lake Charles
29%
47New Mexico91° / 64°Roswell
29%
7Texas98° / 74°Wichita Falls
29%
42Florida91° / 72°Gainesville
26%
38Florida91° / 76°West Palm Beach
26%
6California99° / 63°Redding
21%
20Texas94° / 69°San Angelo
21%
45Mississippi91° / 70°Tupelo
21%
15Texas95° / 75°Victoria
18%
8Texas97° / 75°Del Rio
13%
48Mississippi91° / 60°Meridian
13%
31Texas92° / 74°Port Arthur
13%

Score Distribution

Percentile by Number Answered

Percent of People with Each Score

Your Score History

You have not taken this quiz